000 00294nam a2200121 a 4500
008 100923s1988|||| d
100 1 _aFerko, Milan
245 1 0 _aOtváranie studničiek
020 _c17
260 _bSlovenský vydavateľ
_aBratislava
_c1988
044 _axo
_cSK
041 _aslo
999 _c10628
_d10628